Statistics for Paris - Taylor Swift (All Lyrics)

Click here to take the quiz!

General Stats

  • This quiz has been taken 17 times
    (6 since last reset)
  • The average score is 281 of 310

Answer Stats

Lyrics% Correct
a
100%
an
100%
And
100%
and
100%
at
100%
be
100%
breathing
100%
by
100%
'Cause
100%
else
100%
he
100%
her
100%
I
100%
I'm
100%
In
100%
in
100%
it
100%
it's
100%
Like
100%
love,
100%
love
100%
me
100%
might
100%
mind
100%
My
100%
my
100%
No,
100%
not
100%
oh
100%
on
100%
Paris
100%
Paris,
100%
pretend
100%
see
100%
so
100%
Some
100%
somewhere
100%
stop
100%
that
100%
the
100%
though
100%
we
100%
We
100%
were
100%
where
100%
with
100%
you
100%
your
100%
"Your
100%
2003
83%
ages
83%
ago
83%
all
83%
alleyway,
83%
bedroom
83%
believe
83%
brainwash
83%
but
83%
ceiling
83%
champagne
83%
Cheap
83%
clever
83%
club
83%
Confess
83%
culture's
83%
Did
83%
didn't
83%
didn't,
83%
Drew
83%
drew
83%
drinking
83%
forever
83%
guy
83%
hooked
83%
if
83%
Into
83%
is
83%
just
83%
keep
83%
kind
83%
kissed
83%
loving
83%
make
83%
map
83%
Met
83%
news
83%
out,
83%
outfits
83%
photos?"
83%
sister
83%
someone
83%
taken
83%
terrible
83%
thanks,
83%
that's
83%
To
83%
transport
83%
Turns
83%
unbearable
83%
up
83%
view
83%
wanna
83%
wannabe
83%
was
83%
whole
83%
wine,
83%
world
83%
Yes,
83%
Z-lister
83%
cursive
67%
dead
67%
down
67%
ex-friend's
67%
flashing
67%
grown
67%
has
67%
Let
67%
letters
67%
lights
67%
made
67%
mean,
67%
messes
67%
midnight
67%
only
67%
Romance
67%
shade
67%
Sit
67%
sloping,
67%
swooping,
67%
thrown
67%
tower
67%
tree
67%
truth
67%
under
67%
yours
67%
above
50%
alleyways
50%
door
50%
Levitate
50%
page
50%
Privacy
50%
quiet
50%
side
50%
sign
50%
Stumbled
50%

Score Distribution

Percentile by Number Answered

Percent of People with Each Score

Your Score History

You have not taken this quiz since the last reset